| 000 | 01521nam a2200253Ia 4500 | ||
|---|---|---|---|
| 003 | OSt | ||
| 005 | 20210413135254.0 | ||
| 008 | 210310s2011 ck ad gr 000 0 spa d | ||
| 020 | _a9789588675350 | ||
| 040 |
_aCO-JMCR _cCO-JMCR |
||
| 041 | _aspa | ||
| 082 | 0 | 4 |
_a690 / _bV795c _223 |
| 100 | 1 |
_aViola, Enrique, _eautor _925619 |
|
| 245 | 1 | 3 |
_aLa calidad de una obra / _cEnrique Viola |
| 260 |
_aBogotá : _bEdiciones de la U, _c2011. |
||
| 300 |
_b443 páginas : _ailustraciones en blanco y negro ; _c21 cm. |
||
| 490 | 0 | _aArquitectura | |
| 500 | 0 | _aDatos biográficos del autor en tapa posterior. | |
| 505 | 0 | _aLa calidad de una obra. -- Terreno. -- El proyecto. -- Documentación del proyecto. -- Barreras arquitectónicas. -- Construcción. -- Certificación. -- Instalaciones temporarias. -- Movimiento de tierra. -- Albañilería. -- Hormigón armado. -- Obras de refacción estructuras. -- Estructuras metálicas. -- Estructuras de madera. -- Cubiertas. -- Revoques. -- Revestimientos. -- Cielorrasos. -- Solados. -- Carpintería metálica. -- Carpintería de madera. -- Escaleras. -- Pintura. -- Vidrios. -- Selladores. -- Viviendas industrializadas. -- Edificios inteligentes. -- optimización del consumo eléctrico. -- Instalaciones. -- Acústica. -- La calidad de una obra pública. -- Hacia una obra segura. | |
| 650 | 1 | 4 |
_aEdificio _xControl de calidad _925621 |
| 650 | 2 | 4 |
_aIngeniería civil _936771 |
| 650 | 2 | 4 |
_aIndustria de la construcción _xControl de calidad _936772 |
| 942 |
_2ddc _cBK |
||
| 999 |
_c11473 _d11473 |
||